00501nam a2200121Ia 45000010005000000080041000050820025000461000085000712450163001562600017003199010028003369990015003641076241024s9999 xx 000 0 und d aRD/374/R426p/Anexo18 aRepública Dominicana.Secretaria de Estado de Educación Bellas Artes y Cultos 0aPrograma integrado de Desarrollo de la Educación Primaria a Nivel Local Curso Taller sobre Cooperativas Escolares para el nivel Básico, Provincia San Juan bSEEBACc1997 a28/12/2010 8:53:34 a.m. c8435d8435